[Event "RUS-chT U14 Girls"]
[Site "Sochi"]
[Date "2016.05.06"]
[Round "6.2"]
[White "Budnikova, Varvara"]
[Black "Afanasieva, Alexandra"]
[Result "1-0"]
[WhiteElo "1854"]
[BlackElo "1911"]
[PlyCount "117"]
[EventDate "2016.05.01"]
[EventType "team-tourn"]
[EventRounds "10"]
[EventCountry "RUS"]
[SourceTitle "EXT 2018"]
[Source "ChessBase"]
[SourceDate "2017.10.13"]
[SourceVersion "1"]
[SourceVersionDate "2017.10.13"]
[SourceQuality "1"]

1. e4 c6 2. Nf3 d5 3. Nc3 Bg4 4. h3 Bxf3 5. Qxf3 e6 6. d4 Nf6 7. Bd3 dxe4 8. Nxe4 Qxd4 9. c3 Qd8 10. 0-0 Be7 11. Bf4 Nxe4 12. Bxe4 0-0 13. Rad1 Qa5 14. Bb1 Bf6 15. b4 Qb6 16. Qg3 Na6 17. a4 Rfd8 18. Bd3 e5 19. Bxe5 Bxe5 20. Qxe5 Rd5 21. Qe4 g6 22. Bc4 Rdd8 23. Qe7 Qc7 24. Bxf7+ Kg7 25. Qxc7 Nxc7 26. Bc4 a6 27. Rfe1 Kf6 28. f4 Rxd1 29. Rxd1 Ke7 30. g4 Rf8 31. Rd4 Ne8 32. Re4+ Kd8 33. Kf2 Nd6 34. Rd4 Kc7 35. Bb3 b6 36. Kg3 Re8 37. Kf3 Re1 38. Rd1 Re7 39. Bc2 Nc4 40. Be4 Nd6 41. Bd3 b5 42. axb5 axb5 43. f5 gxf5 44. gxf5 Nf7 45. Kf4 Rd7 46. Bc2 Rxd1 47. Bxd1 Kd6 48. Bb3 Ne5 49. Kg5 Nf3+ 50. Kf6 Nd2 51. Bc2 Nc4 52. Kg7 Ne5 53. f6 Nd7 54. Bxh7 Ke6 55. f7 Ke7 56. Be4 Nf8 57. Bxc6 Ne6+ 58. Kg8 Nf8 59. Bxb5 1-0

[Event "RUS-chT U14 Girls"]
[Site "Sochi"]
[Date "2016.05.01"]
[Round "1.2"]
[White "Afanasieva, Alexandra"]
[Black "Budnikova, Varvara"]
[Result "1/2-1/2"]
[WhiteElo "1911"]
[BlackElo "1854"]
[PlyCount "93"]
[EventDate "2016.05.01"]
[EventType "team-tourn"]
[EventRounds "10"]
[EventCountry "RUS"]
[SourceTitle "EXT 2018"]
[Source "ChessBase"]
[SourceDate "2017.10.13"]
[SourceVersion "1"]
[SourceVersionDate "2017.10.13"]
[SourceQuality "1"]

1. e4 c5 2. Nf3 Nc6 3. Bb5 e6 4. 0-0 Nge7 5. Re1 a6 6. Bf1 Ng6 7. c3 d5 8. exd5 Qxd5 9. d4 cxd4 10. cxd4 Be7 11. Nc3 Qd8 12. d5 Nb4 13. dxe6 Bxe6 14. Nd4 Bd7 15. a3 Nc6 16. Nd5 Nxd4 17. Nxe7 Ne6 18. Nxg6 hxg6 19. Qd6 Qe7 20. Bf4 Qxd6 21. Bxd6 Rc8 22. Rac1 Rxc1 23. Rxc1 f6 24. Bc4 Kf7 25. Bd5 Rc8 26. Rxc8 Bxc8 27. Kf1 Ke8 28. Ke1 Nd8 29. Kd2 Be6 30. Be4 Bf5 31. Bf3 Kd7 32. Bb4 g5 33. Ke3 b6 34. Be2 a5 35. Bb5+ Kc7 36. Bc3 Ne6 37. g3 Nc5 38. f3 Bd7 39. Bxd7 Kxd7 40. f4 gxf4+ 41. Kxf4 Ke6 42. g4 Nd3+ 43. Ke4 Nf2+ 44. Kf3 Nd3 45. Ke4 Nf2+ 46. Kf3 Nd3 47. Ke4 1/2-1/2

[Event "Moscow op-B (Women)"]
[Site "Moscow"]
[Date "2016.02.04"]
[Round "6"]
[White "Budnikova, Varvara"]
[Black "Markelova, Lubov"]
[Result "1-0"]
[WhiteElo "1850"]
[BlackElo "2104"]
[PlyCount "71"]
[EventDate "2016.01.30"]
[EventType "swiss"]
[EventRounds "9"]
[EventCountry "RUS"]
[SourceTitle "CBM 170 Extra"]
[Source "ChessBase"]
[SourceDate "2016.02.25"]
[SourceVersion "1"]
[SourceVersionDate "2016.02.25"]
[SourceQuality "1"]

1. e4 c5 2. Nf3 g6 3. c3 Bg7 4. d4 cxd4 5. cxd4 d5 6. e5 Bg4 7. Bb5+ Nd7 8. Nc3 e6 9. 0-0 Nh6 10. h3 Bxf3 11. Qxf3 Nf5 12. Be3 0-0 13. g4 Ne7 14. Qg2 a6 15. Bxd7 Qxd7 16. f4 f6 17. Ne2 Rac8 18. Ng3 Qa4 19. b3 Qb5 20. Qd2 Nc6 21. exf6 Bxf6 22. f5 exf5 23. gxf5 Qb4 24. Qd3 Qb5 25. Qd2 Rce8 26. fxg6 hxg6 27. Kh2 Qb4 28. Qd3 Kg7 29. Rg1 Qd6 30. Kh1 Qe6 31. Nf5+ Kh8 32. Rxg6 Qe4+ 33. Qxe4 Rxe4 34. Rag1 Rf7 35. Nd6 Rfe7 36. Nxe4 1-0

[Event "Moscow op-B (Women)"]
[Site "Moscow"]
[Date "2016.02.01"]
[Round "3"]
[White "Goltseva, Ekaterina"]
[Black "Budnikova, Varvara"]
[Result "1/2-1/2"]
[WhiteElo "2045"]
[BlackElo "1850"]
[PlyCount "140"]
[EventDate "2016.01.30"]
[EventType "swiss"]
[EventRounds "9"]
[EventCountry "RUS"]
[SourceTitle "CBM 170 Extra"]
[Source "ChessBase"]
[SourceDate "2016.02.25"]
[SourceVersion "1"]
[SourceVersionDate "2016.02.25"]
[SourceQuality "1"]

1. d4 d5 2. c4 c6 3. cxd5 cxd5 4. Bf4 Nc6 5. e3 a6 6. Nc3 Nf6 7. Bd3 Bg4 8. Nge2 e6 9. Qb3 Na5 10. Qc2 Bh5 11. Bg5 Bg6 12. Nf4 Bxd3 13. Nxd3 Be7 14. 0-0 0-0 15. f4 Nc4 16. Qe2 Nd6 17. Bxf6 Bxf6 18. Ne5 Bxe5 19. fxe5 Nf5 20. Rad1 Qg5 21. Rf3 Rad8 22. Qf2 Qh5 23. Kh1 f6 24. Rg1 Qg5 25. e4 Ne7 26. Rf1 Ng6 27. exf6 Rxf6 28. Rxf6 Qxf6 29. Qxf6 gxf6 30. exd5 Kg7 31. Rc1 exd5 32. Na4 Re8 33. Rc7+ Re7 34. Rxe7+ Nxe7 35. Nc5 Nc6 36. Nxb7 Nxd4 37. Nc5 a5 38. Kg1 f5 39. Kf2 Kf6 40. Ke3 Nc2+ 41. Kd2 Nb4 42. a3 Nc6 43. Nd3 d4 44. b4 axb4 45. axb4 Ke6 46. b5 Na5 47. Nf4+ Kd6 48. Kd3 Kc5 49. Ne6+ Kxb5 50. Kxd4 Kc6 51. Ke5 Nc4+ 52. Kf4 Kd6 53. Ng7 Ke7 54. Kg5 Ne5 55. Nxf5+ Ke6 56. Nd4+ Ke7 57. h3 Nf7+ 58. Kh5 Kf6 59. Kg4 Ne5+ 60. Kf4 Ng6+ 61. Ke4 Ne5 62. Nf5 Ng6 63. Ne3 Nh4 64. g3 Ng6 65. Nd5+ Kg5 66. Nf4 Ne7 67. Ke5 Nc6+ 68. Kd5 Nb4+ 69. Ke6 Nc2 70. Kf7 Ne3 1/2-1/2

[Event "Moscow op-B (Women)"]
[Site "Moscow"]
[Date "2016.01.30"]
[Round "1"]
[White "Smirnova, Ekaterina"]
[Black "Budnikova, Varvara"]
[Result "1/2-1/2"]
[WhiteElo "2155"]
[BlackElo "1850"]
[PlyCount "93"]
[EventDate "2016.01.30"]
[EventType "swiss"]
[EventRounds "9"]
[EventCountry "RUS"]
[SourceTitle "CBM 170 Extra"]
[Source "ChessBase"]
[SourceDate "2016.02.25"]
[SourceVersion "1"]
[SourceVersionDate "2016.02.25"]
[SourceQuality "1"]

1. d4 d5 2. c4 c6 3. e3 Nf6 4. Nc3 e6 5. Nf3 Nbd7 6. Bd3 dxc4 7. Bxc4 b5 8. Bd3 a6 9. a4 b4 10. Ne4 c5 11. 0-0 Bb7 12. Nxf6+ Nxf6 13. Re1 Ne4 14. Ne5 Qh4 15. Qf3 f5 16. Qe2 Bd6 17. f3 Nf6 18. Qf2 Qxf2+ 19. Kxf2 Bxe5 20. dxe5 Nd7 21. f4 Rc8 22. Bc4 Ke7 23. a5 Nb8 24. Bd2 Rhd8 25. Red1 Bd5 26. Rac1 Bxc4 27. Rxc4 Rd5 28. Ke2 Nc6 29. Ra1 g6 30. Be1 Rb8 31. Bf2 Rb5 32. e4 fxe4 33. Rac1 Nd4+ 34. Bxd4 cxd4 35. Rd1 d3+ 36. Ke3 Rdc5 37. Rxe4 Rc2 38. Rd2 b3 39. Rd4 Rxa5 40. R4xd3 Rxd2 41. Kxd2 Rb5 42. Kc3 a5 43. Rd4 g5 44. fxg5 Rxe5 45. Kxb3 Rxg5 46. g3 Kf6 47. Kc3 1/2-1/2

[Event "Samara Polugaevsky Memorial 4th"]
[Site "Samara"]
[Date "2014.07.09"]
[Round "8"]
[White "Budnikova, Varvara"]
[Black "Pavlov, Alexandr"]
[Result "1-0"]
[WhiteElo "1767"]
[BlackElo "1484"]
[PlyCount "31"]
[EventDate "2014.07.02"]
[EventType "swiss"]
[EventRounds "9"]
[EventCountry "RUS"]
[SourceTitle "CBM 161 Extra"]
[Source "ChessBase"]
[SourceDate "2014.08.29"]
[SourceVersion "1"]
[SourceVersionDate "2014.08.29"]
[SourceQuality "1"]

1. e4 c5 2. Nf3 d6 3. c3 Nf6 4. h3 Nxe4 5. Qa4+ Bd7 6. Qxe4 Bc6 7. Qe3 Qb6 8. d4 Nd7 9. Na3 g6 10. dxc5 Nxc5 11. Nd4 Bd7 12. Ndb5 a6 13. Nc4 Qc6 14. Nbxd6+ Kd8 15. Nxf7+ Ke8 16. Ncd6+ 1-0